Guess the Fusion Rock Song Lyrics #124 - Statistics

General Stats
  • This quiz has been taken 10 times
  • The average score is 140 of 209
Answer Stats
Answer % Correct
A
100%
a
100%
as
100%
I
100%
love
100%
on
100%
the
100%
all
88%
And
88%
and
88%
day
88%
don't
88%
Gonna
88%
gonna
88%
have
88%
in
88%
is
88%
it
88%
It
88%
It's
88%
it's
88%
of
88%
that
88%
This
88%
time
88%
Time
88%
to
88%
We're
88%
we're
88%
what
88%
You
88%
about
75%
down
75%
Here
75%
Just
75%
just
75%
keep
75%
know
75%
like
75%
Like
75%
my
75%
night
75%
out
75%
say
75%
thing
75%
yeah
75%
Yes
75%
again
63%
am
63%
away
63%
Coming
63%
feelin
63%
find
63%
Find
63%
goin
63%
good
63%
how
63%
take
63%
That's
63%
up
63%
baby
50%
Every
50%
every
50%
Pablo Cruise
50%
right
50%
end
38%
Hey
38%
hey
38%
kinda
38%
Looks
38%
summer
38%
yours
38%
ain't
25%
change
25%
found
25%
friend
25%
alright
13%
brings
13%
cool
13%
Cool
13%
happens
13%
rain
13%
both
0%
eyes
0%
faceless
0%
full
0%
meet
0%
room
0%
strangers
0%
Suddenly
0%
Warms
0%
wears
0%
No matching quizzes found
Score Distribution
Percent of People with Each Score
Percentile by Number Answered
Your Score History
You have not taken this quiz